000 00830nam a2200217Ii 4500
003 JO-AjNU
008 230605s9999||||xx |||||||||||||| ||und||
017 _a2006/2/361
040 _aJO-AjNU
_bara
_erda
_cJO-AjNU
041 _aara
050 1 4 _aT58.6.H37 2006
100 3 _aالحسنية، سليم,
_eauthor
_929756
245 0 0 _aنظم المعلومات الادارية نما :ادراة المعلومات في عصر المنظمات الرقمية
250 _aط3محدثة ومنقحة ومزيدة
264 3 1 _aعمان:دار الوراق للنشر،2006
300 _a564ص
336 _atext
_btxt
_2rdacontent
337 _aunmediated
_bn
_2rdamedia
338 _avolume
_bnc
_2rdacarrier
650 4 _aنظم المعلومات-المعلومات الادارية-ادارة المعلومات
_929757
999 _aA11712
_c15280
_d15280